00687nam a2200241 a 4500001001300000003000900013005001700022008004100039020001000080082001700090100001700107245004600124260003900170300000900209500003500218505001000253650001800263700001700281902000800298942000700306952011700313999001500430nice12345678IN_TiNIC20260116011446.0050524s1862 lona grp 000 0 eng  ac10000a891.593bRAV aRaverty, H G aSelections from the Poetry of the Afghans aLondonbWilliams and Norgatec1862 a348p aincludes index and biblioraphy2 aindex aPashto Poetry1 aRaverty, H G bSRS cBK 001040708StackRoom-aHMIbHMId2007-06-04g100.00l0o891.593 RAVp00725r2007-06-04v100.00w2005-05-24yBK c1713d1713